Manual de Bioingeniería

Bibliographic Details
Main Author:  Cooperación Suiza
Format: Section = Libro
Language:Undetermined
Spanish
Published: Nicaragua [s.e] 2013
Subjects:
LEADER 00486nam a2200181Ia 4500
008 241007s9999||||xx |||||||||||||| ||und||
040 |a BIBLIOTECA-RURC/ 363.34 C776 
041 |a spa 
082 |a 363.34 C776 
100 1 |a  Cooperación Suiza 
245 1 0 |a Manual de Bioingeniería 
260 |a Nicaragua  |b [s.e]  |c 2013 
300 |a 77 p. :il. 
650 7 |a APROXIMACIÓN A LA BIOINGENIERÍA 
650 7 |b  TÉCNICAS DE BIOINGENIERÍA. 
942 |c BK  |2 ddc 
991 |a TEXTO 
999 |c 14311